Priemyselná špionáž. 3
Niekoľko príkladov priemyselnej špionáže v doterajšej histórii ľudstva od druhej svetovej vojny až do súčasnosti. Poskytovanie poradenských a konzultačných služieb za účelom získavania informácií - legálna špionáž.
Gespeichert in:
| 1. Verfasser: | |
|---|---|
| Format: | Buchkapitel |
| Sprache: | Slowakisch |
| Schlagworte: | |
| Tags: |
Keine Tags, Fügen Sie das erste Tag hinzu!
|
MARC
| LEADER | 00000naa a2200000 4500 | ||
|---|---|---|---|
| 001 | r015675 | ||
| 005 | 20221213113226.5 | ||
| 041 | 0 | |a slo | |
| 044 | |a SK | ||
| 245 | 1 | 0 | |a Priemyselná špionáž. 3 |c S. Vyparina |
| 520 | |a Niekoľko príkladov priemyselnej špionáže v doterajšej histórii ľudstva od druhej svetovej vojny až do súčasnosti. Poskytovanie poradenských a konzultačných služieb za účelom získavania informácií - legálna špionáž. | ||
| 610 | 2 | 0 | |a špionáž priemyselná |
| 610 | 2 | 0 | |a vlastníctvo priemyselné |
| 610 | 2 | 0 | |a 1945-1994 |
| 100 | 1 | |a Vyparina, S. | |